00715nam a2200205 a 4500001001000000003000900010005001700019008003400036020001500070040002500085082002900110100002400139245010600163260004800269300002200317500007100339650003800410650003500448650002600483000034179DO-SdBNP20230711110238.0110926s2004 dr r 000 0 spa d a9993479128 aDO-SdBNPbspacBPMSU a796.7293bM878d 20042221 aMorrison, Heriberto13aEl deporte en el Estado dominicano :bevolución y proyección internacional /cHeriberto Morrison. aSanto Domingo :bFundación Brugal,c2004. a282 p. ;c23 cm.  3Incluye datos biográficos del autor en la solapa de la cubierta  4aDeportes zRepública Dominicana 4aDeportesxCondiciones sociales 4aIndustria del deporte